TRATADOS/

INDICE

Guardado en:
Detalles Bibliográficos
Autor principal: Casas, Bartolomé de las (autor)
Formato: Libro
Temas:
Etiquetas: Agrega una etiqueta
Sin etiquetas, Sé el primero en etiquetar este registro!

MARC

LEADER 00000nam^a2200000^a^4500
001 000225075
005 20250521000000.0
009 20260310104115.401
035 |a 041590 
037 |a Acervo Xavier Clavigero 
082 |a 980. 01  |b CAS V. 2 
100 |a Casas, Bartolomé de las,  |e (autor) 
245 1 0 |a TRATADOS/  |c BARTOLOME DE LAS CASAS, FRAY 
264 |a MEXICO :  |b FONDO DE CULTURA ECONOMICA,  |c 1965 
300 |a V.- 
336 |a texto  |b txt  |2 rdacontenido 
337 |a sin mediación  |b n  |2 rdamedio 
338 |a volumen  |b nc  |2 rdasoporte 
520 |a INDICE 
649 |a XX 
650 |a América -  |x Historia -  |y Epoca Colonial 
650 |a Indígenas 
910 |a Fondo General 
920 |a Impresos - Libros 
930 |a Colección General 
905 |a 101 
901 |a 041590  |b IT1  |c ACC  |i 041590  |u 20250521 
902 |a https://opac.biblio.iteso.mx/vufind/Record/000225075